000 00346 a2200145 4500
001 153481
040 _cEscola São Tomás de Aquino
100 _aSHAKESPEARE, William
240 1 0 _aO mercado de Veneza
_lpor
245 1 0 _aO mercado de Veneza
362 0 _a2007
440 1 _aEscala Educacional
697 _a*LITERATURA JUVENIL
942 _cBK
999 _c153481
_d153481